000
00303nam a22001217a 4500
008
180424b xxu||||| |||| 00| 0 eng d
041
_a
eng
080
_a
043.3
100
_a
0
101
_a
SHKI-BA
245
_a
Mesimi Virtual, Krahasimi i Platformave dhe Perparesite e tij
_c
Msiu, J
942
_2
udc
_c
BK
999
_c
45452
_d
45452